Study guide for Leifer Introduction to maternity and pediatric nursing/ (Record no. 122200)
[ view plain ]
| 000 -LEADER | |
|---|---|
| fixed length control field | 00986nam a2200265 a 4500 |
| 003 - CONTROL NUMBER IDENTIFIER | |
| control field | OSt |
| 005 - DATE AND TIME OF LATEST TRANSACTION | |
| control field | 20250617105700.0 |
| 008 - FIXED-LENGTH DATA ELEMENTS--GENERAL INFORMATION | |
| fixed length control field | |
| 020 ## - INTERNATIONAL STANDARD BOOK NUMBER | |
| International Standard Book Number | 9780323567541 (paperback) |
| 040 ## - CATALOGING SOURCE | |
| Original cataloging agency | NUST |
| Transcribing agency | NUST |
| Language of cataloging | eng |
| Modifying agency | NUST |
| Description conventions | NUST |
| 050 ## - LIBRARY OF CONGRESS CALL NUMBER | |
| Classification number | RT89 LIT |
| 245 #0 - TITLE STATEMENT | |
| Title | Study guide for Leifer Introduction to maternity and pediatric nursing/ |
| Statement of responsibility, etc. | Kimberly E Little. |
| 250 ## - EDITION STATEMENT | |
| Edition statement | Eighth edition. |
| 260 ## - PUBLICATION, DISTRIBUTION, ETC. | |
| Place of publication, distribution, etc. | St. Louis, Missouri : |
| Name of publisher, distributor, etc. | Elsevier, |
| Date of publication, distribution, etc. | 2019. |
| 300 ## - PHYSICAL DESCRIPTION | |
| Extent | vii, 271 pages : |
| Other physical details | illustrations ; |
| Dimensions | 28 cm. |
| 336 ## - CONTENT TYPE | |
| Content type term | text |
| Content type code | txt |
| Source | rdacontent |
| 337 ## - MEDIA TYPE | |
| Media type term | unmediated |
| Media type code | n |
| Source | rdamedia |
| 338 ## - CARRIER TYPE | |
| Carrier type term | volume |
| Carrier type code | nc |
| Source | rdacarrier |
| 504 ## - BIBLIOGRAPHY, ETC. NOTE | |
| Bibliography, etc. note | Includes bibliographical references and Index. |
| 650 #1 - SUBJECT ADDED ENTRY--TOPICAL TERM | |
| Topical term or geographic name entry element | Nursing services |
| General subdivision | Administration |
| -- | Outlines,syllabi. |
| 650 ## - SUBJECT ADDED ENTRY--TOPICAL TERM | |
| Topical term or geographic name entry element | Leadership |
| General subdivision | Outlines,syllabi. |
| 650 ## - SUBJECT ADDED ENTRY--TOPICAL TERM | |
| Topical term or geographic name entry element | Leadership |
| General subdivision | nurses' instruction. |
| 650 ## - SUBJECT ADDED ENTRY--TOPICAL TERM | |
| Topical term or geographic name entry element | Nursing, Supervisory. |
| 942 ## - ADDED ENTRY ELEMENTS (KOHA) | |
| Koha item type | Ordinary Loan Books |
| Call number prefix | RT89 |
| Call number suffix | LIT |
| Source of classification or shelving scheme | Library of Congress Classification |
| Edition | Eighth Edition |
| Classification part | RT 89 |
| Item part | LIT |
| Suppress in OPAC | No |
| Withdrawn status | Lost status | Source of classification or shelving scheme | Damaged status | Not for loan | Collection | Home library | Current library | Shelving location | Date acquired | Source of acquisition | Cost, normal purchase price | Total Checkouts | Full call number | Barcode | Date last seen | Cost, replacement price | Price effective from | Koha item type | Public note | Accession number |
|---|---|---|---|---|---|---|---|---|---|---|---|---|---|---|---|---|---|---|---|---|
| LCC | NFIC | MEDICAL | MEDICAL | GEN | 01/20/2023 | Book Aid International | 40.00 | RT89 LIT | 92004052227 | 01/20/2023 | 40.00 | 01/20/2023 | BOOKS | Donation | ||||||
| LCC | NFIC | MEDICAL | MEDICAL | GEN | 02/17/2025 | Book Aid International | 40.00 | RT89 LIT | 92004056731 | 02/17/2025 | 40.00 | 02/17/2025 | BOOKS | Donation | 62546 | |||||
| LCC | NFIC | MEDICAL | MEDICAL | GEN | 04/03/2025 | Book Aid International | 36.00 | RT89 LIT | 92004054745 | 04/03/2025 | 36.00 | 04/03/2025 | BOOKS | Donation | 61936 |